Wszystkie przystanki ZKM w Gdyni - Statystyki

Ogólne statystyki
  • Ten quiz został rozwiązany 28 razy
    27 od ostatniego zresetowania
  • Średni wynik to 100 z 309
Statystyki odpowiedzi
Przystanek % Poprawnych
Cisowa SKM
91%
3 Maja
82%
Cisowa Sibeliusa
82%
Dąbrowa Centrum
82%
Kalksztajnów
82%
Babie Doły
73%
Chylonia Centrum
73%
Mireckiego
73%
Morska-Estakada
73%
Węzeł Franciszki Cegielskiej
73%
Witomino Centrum
73%
Armii Krajowej
64%
Centrum Handlowe ,,Riviera"
64%
Janka Wiśniewskiego
64%
Morska-Kcyńska
64%
Obłuże Centrum
64%
Paprykowa
64%
Rolnicza
64%
Uniwersytet Morski
64%
Urząd Miasta-Świętojańska
64%
Urząd Miasta-Władysława IV
64%
Warszawska
64%
Wiczlino Niemotowo
64%
Witomińska
64%
Wzgórze św. Maksymiliana SKM
64%
Amona
55%
Bpa Okoniewskiego
55%
Chwarzno Apollina
55%
Chwarzno Polanki
55%
Chylońska-Kcyńska
55%
Dąbrowa Miętowa
55%
Dom Marynarza
55%
Energetyków
55%
Gdynia Dworzec Gł. PKP
55%
Halicka
55%
Hutnicza-Estakada
55%
Kacze Buki
55%
Karwiny Nowowiczlińska
55%
Leszczynki SKM
55%
Łużycka
55%
Okrężna I
55%
Okrężna II
55%
Oksywie Dickmana
55%
Orłowo SKM-,,Klif"
55%
Piłsudskiego
55%
Plac Kaszubski
55%
Pucka
55%
Pustki Cisowskie
55%
Redłowo SKM
55%
Śląska
55%
Węzeł Ofiar Grudnia '70
55%
Witomino Sosnowa
55%
Wzgórze św. Maksymiliana-Kapliczka
55%
Wzgórze św. Maksymiliana Syrokomli
55%
Źródło Marii
55%
3 Maja-Hala
45%
Anyżowa
45%
Bosmańska-Zielona
45%
Brzechwy
45%
Centrum Nauki Experyment
45%
Chylonia Dworzec PKP
45%
Działki Leśne-Sztumska
45%
Gdynia Arena
45%
Harcerska
45%
Jowisza
45%
Karwiny PKM
45%
Karwiny Tuwima
45%
Kilińskiego
45%
Lidzka
45%
Łowicka
45%
Mały Kack Sandomierska
45%
Mały Kack Strzelców
45%
Myśliwska
45%
Nałkowskiej
45%
Norwida
45%
Olgierda
45%
Plac Górnośląski
45%
Pogórze Dolne
45%
Pogórze Górne
45%
Redłowo Szpital
45%
Sokoła
45%
Stocznia SKM-Morska
45%
Traugutta
45%
Uczniowska
45%
Węzeł Żołnierzy Wyklętych
45%
Wiczlino Skrzyżowanie
45%
Wielki Kack Starodworcowa
45%
Witomino Leśniczówka
45%
10 Lutego - Skwer Kościuszki
36%
Alzacka
36%
Bosmańska-Nasypowa
36%
Bryla
36%
Bulwar Nadmorski
36%
Cmentarz Witomiński
36%
Demptowo
36%
Filipkowskiego
36%
Gdynia Dworzec Gł. PKP-Hala
36%
Gdynia Dworzec Gł. PKP-Morska
36%
Gdynia Dworzec Gł. PKP-Wolności
36%
Górnicza
36%
Gradowa
36%
Grenadierów
36%
Gryfa Pomorskiego
36%
Jaskółcza
36%
Jęczmienna
36%
Kameliowa
36%
Kmicica
36%
Łowicka-Szkoła
36%
Mały Kack Łęczycka
36%
Nawigatorów
36%
Oksywie Dolne
36%
Oksywie Godebskiego
36%
Oksywie Górne
36%
Olsztyńska
36%
Owsiana
36%
Plac Kaszubski-Jana z Kolna
36%
Plac Kaszubski-Świętojańska
36%
Płyta Redłowska
36%
Promienna
36%
Racławicka
36%
Raduńska
36%
Redłowo SKM-Park Technologiczny
36%
Stadion PKM
36%
Staniszewskiego
36%
Starowiejska
36%
Stocznia Gdynia
36%
Wiczlino Działki I
36%
Wiczlino Działki II
36%
Wiczlińska-Las
36%
Wiczlińska-Śliska
36%
Wiejska
36%
Wielki Kack Fikakowo
36%
Wieluńska-Radomska
36%
Władysława Jagiełły
36%
Wolności-II LO
36%
Zamenhofa
36%
Akademia Marynarki Wojennej
27%
Arciszewskich
27%
Cechowa
27%
Centrum Handlowe Batory
27%
Chabrowa
27%
Chwarzno Sokółka
27%
Cylkowskiego
27%
Dąbka-Zielona
27%
Dworzec Morski-Muzeum Emigracji
27%
Fredry
27%
Fregatowa
27%
Galeria Szperk
27%
Górnicza-Damroki
27%
Górnicza-Kościół
27%
Grabówek SKM
27%
Hallera
27%
Hutnicza-Działki
27%
I Urząd Skarbowy
27%
Kalksztajnów-Bloki
27%
Kamrowskiego
27%
Kolibki
27%
Korzeniowskiego
27%
Kręta
27%
Krofeya
27%
Krzemowa
27%
Kurpiowska
27%
Kwidzyńska I
27%
Kwidzyńska II
27%
Maciejewicza
27%
Meksykańska
27%
Mickiewicza
27%
Moniuszki
27%
Nasypowa
27%
Necla
27%
Nowogrodzka
27%
Obłuże Maciejewicza
27%
Obwodnica-Kcyńska
27%
Olkuska-Radomska
27%
Pancerna
27%
Pieńkawy
27%
Piołunowa
27%
Pogórze Dolne-Złota
27%
Potok Wiczliński
27%
Powstań Chłopskich
27%
Poznańska
27%
Rdestowa-Leśny Zakątek
27%
Ruchu Oporu
27%
Sambora
27%
Sambora-Kalksztajnów
27%
Skwer Kościuszki-Infobox
27%
Sosnowiecka
27%
Spokojna-Cmentarz
27%
Stadion Miejski
27%
Stawna
27%
Steyera
27%
Swarzewska I
27%
Swarzewska II
27%
Szafranowa
27%
Szczecińska
27%
Tatrzańska-Olsztyńska
27%
Turkusowa
27%
Tymiankowa
27%
Wieluńska-Lipnowska
27%
Wiklinowa
27%
Witomino Polna
27%
Zaruskiego
27%
Zbożowa
27%
Zielona-Działki I
27%
Zielona-Działki II
27%
Zielona-Kościół
27%
Żurawia
27%
Żwirki i Wigury
27%
Zwycięstwa-Wielkopolska
27%
Baza na Pogórzu Dolnym
18%
Bażyńskiego
18%
Beniowskiego-Akademiki
18%
Benisławskiego
18%
Bernadowska
18%
Bławatna
18%
Celna
18%
Chrzanowskiego
18%
Chrzanowskiego-Przychodnia
18%
Chylonia Dworzec PKP-Os. Meksyk
18%
Cisowa Granica Miasta
18%
Czwartaków
18%
Dąbka-Zespół Szkół
18%
Dembińskiego
18%
Demptowo-Jednostka Wojskowa
18%
Demptowska
18%
Ejsmonda
18%
Elektrowozownia SKM
18%
Focha
18%
Gdynia Dworzec Gł. PKP-Dworcowa
18%
Grabowo
18%
Hala ,,Makro"
18%
Hutnicza-Piaskowa
18%
II Urząd Skarbowy
18%
Kadmowa
18%
Kapitańska
18%
Kołłątaja
18%
Kopernika-Kościół
18%
Kopernika-Partyzantów
18%
Korczaka
18%
Kuśnierska
18%
Kwiatkowskiej
18%
Leszczynki I
18%
Leszczynki II
18%
Liceum Jezuitów
18%
Lutycka
18%
Olkuska-Łowicka
18%
Orłowo SKM-Orłowska
18%
Piaskowa
18%
Plac Neptuna
18%
Podgórska
18%
Rdestowa-Kolonia
18%
Rewerenda
18%
Rotterdamska
18%
Rozewska
18%
Ściegiennego
18%
Sikorskiego
18%
Stare Obłuże
18%
Stolarska
18%
Szczeblewskiego
18%
Szkoła Morska
18%
Technikum Chłodnicze
18%
Terminal Kontenerowy
18%
Urząd Pracy
18%
Wąwóz Ostrowicki
18%
Wiosny Ludów
18%
Wybickiego
18%
Żeglarzy
18%
Żelazna
18%
Żeliwna
18%
Białowieska
9%
Bielińskiego
9%
Bieszczadzka
9%
Czernickiego I
9%
Czernickiego II
9%
Długa
9%
Elektrociepłownia-Kontenerowa
9%
Elektrociepłownia-Pucka
9%
Gołębia
9%
Handlowa
9%
Hutnicza-Magazyny
9%
Hutnicza-Stacja Paliw Lotos
9%
Instytut Med. Morskiej i Tropikalnej
9%
Jałowcowa
9%
Kacze Buki Puszczyka
9%
Kordeckiego
9%
Kwiatkowskiego
9%
Leśna Polana
9%
Lipowa
9%
Muchowskiego
9%
Podleśna
9%
Portowa
9%
Publiczny Terminal Promowy
9%
Pucka-Hutnicza
9%
Rybińskiego
9%
Skarbka I
9%
Skarbka II
9%
Staniewicza
9%
Stocznia Wojenna
9%
Stoigniewa
9%
Sucharskiego
9%
Urząd Morski
9%
Zielona-Klub Garnizonowy
9%
Złota
9%
Zwinisławy
9%
Komandorska-Hotel
0%
Leśniczówka Rogulewo
0%
Marszewska
0%
Ogród Botaniczny Marszewo
0%
Pucka-Przemysłowa
0%
Nie znaleziono quizów pasujących do podanych kryteriów
Rozkład punktacji
Procent ludzi z każdym wynikiem
Percentyl według liczby udzielonych odpowiedzi
Twoja historia wyników
Nie rozwiązałeś tego quizu od ostatniego zresetowania